000 00332 a2200157 4500
001 61076
020 _a8534220638
040 _cAnchieta - Pituba
100 _aPacheco, M. Cristina G.
240 1 0 _aStand up!
_lpor
245 1 0 _aStand up!
300 _a320
362 0 _a2006
650 4 _aInglês e inglês antigo
942 _cBK
999 _c61076
_d61076